00613nam a2200157Ia 4500008004100000020003100041082001800072100002600090245007000116260004800186300001300234856007000247942001200317999001900329952010700348210430s9999 xx 000 0 und d a0521353785 | 9780521353786 a549.13 N316 P aNavrotsky, Alexandra. aPhysics and chemistry of earth materials /cNavrotsky, Alexandra. a[S.l.] :bCambridge University Press,c1994 a432 p. ; uhttp://www.amazon.com/exec/obidos/ASIN/0521353785/chopaconline-20 cBK2ddc c562533d562533 001040708NFICaSCMEbSCMEcGENd0000-00-00l0o549.13 N316 PpSCME-1412r2021-04-30w2021-04-30yBK